|
|
|
|
| LEADER |
01947cas a2200241 a 4500 |
| 001 |
AALejournalIMF006128 |
| 008 |
230101c9999 xx r poo 0 0eng d |
| 020 |
|
|
|c 5.00 USD
|
| 020 |
|
|
|z 9781451809213
|
| 022 |
|
|
|a 1934-7685
|
| 040 |
|
|
|a BD-DhAAL
|c BD-DhAAL
|
| 110 |
2 |
|
|a International Monetary Fund.
|
| 245 |
1 |
0 |
|a Comoros :
|b Assessment of Performance Under the Program Supported by Emergency Post-Conflict Assistance and Request for a Three-Year Arrangement Under the Poverty Reduction and Growth Facility; Staff Report; Supplement, Informational Annex; Staff Statement, Press Release on the Executive Board Discussion; and Statement by the Executive Director of Comoros.
|
| 264 |
|
1 |
|a Washington, D.C. :
|b International Monetary Fund,
|c 2009.
|
| 300 |
|
|
|a 1 online resource (85 pages)
|
| 490 |
1 |
|
|a IMF Staff Country Reports
|
| 500 |
|
|
|a <strong>Off-Campus Access:</strong> No User ID or Password Required
|
| 500 |
|
|
|a <strong>On-Campus Access:</strong> No User ID or Password Required
|
| 506 |
|
|
|a Electronic access restricted to authorized BRAC University faculty, staff and students
|
| 520 |
3 |
|
|a This paper discusses an assessment of Comoros's performance Under the Program Supported by the Emergency Post-Conflict Assistance (EPCA). Overall performance under the EPCA-supported program has been broadly satisfactory. Nearly all EPCA performance indicators for end-March 2009 were observed. Revenue collection was stronger than anticipated. On the spending side, recent measures to improve expenditure management are gradually restoring order in spending operations, although continued difficulties have been experienced in managing the wage bill. All but one of the structural indicators were met.
|
| 538 |
|
|
|a Mode of access: Internet
|
| 830 |
|
0 |
|a IMF Staff Country Reports; Country Report ;
|v No. 2009/307
|
| 856 |
4 |
0 |
|z Full text available on IMF
|u http://elibrary.imf.org/view/journals/002/2009/307/002.2009.issue-307-en.xml
|z IMF e-Library
|